LEADER 01141nam0 22002891i 450 001 UON00073670 005 20231205102400.585 010 $a38-7548-057-0 100 $a20020107d1993 |0itac50 ba 101 $aeng 102 $aDE 105 $a|||| ||||| 200 1 $aˆA ‰grammar of Iraqw$fMaarten Mous 210 $aHamburg$cBuske$dc.1993 215 $axvi, 361 p.$d23 cm 410 1$1001UON00065880$12001 $aKuschitische Sprachstudien$dCushitic language studies$fHerausgegeben von Hans-Jurgen Sasse$vBand 9 606 $aLINGUA IRAQW$xGrammatica$3UONC022324$2FI 620 $aDE$dHamburg$3UONL003222 676 $a493.5$cLINGUE CUSCITICHE / LINGUA OROMO / LINGUA SOMALA / LINGUA GALLA$v21 700 1$aMOUS$bMaarten$3UONV042679$0659239 712 $aBuske$3UONV248672$4650 801 $aIT$bSOL$c20240220$gRICA 899 $aSIBA - SISTEMA BIBLIOTECARIO DI ATENEO$2UONSI 912 $aUON00073670 950 $aSIBA - SISTEMA BIBLIOTECARIO DI ATENEO$dSI ET CO II B Cum 002 $eSI AA 16545 7 002 996 $aGrammar of Iraqw$91165498 997 $aUNIOR